000 07914namaa22004331i 4500
003 EG-GICUC
005 20260505133318.0
008 260505s2025 ua a|||frm||| 000 0 eng d
040 _aEG-GICUC
_beng
_cEG-GICUC
_dEG-GICUC
_erda
041 0 _aeng
_beng
_bara
049 _aDeposit
082 0 4 _a616.462
092 _a616.462
_221
097 _aM.Sc
099 _aCai01.11.35.M.Sc.2025.Af.A
100 0 _aAfrosina Fady Ibrahim Riad,
_epreparation.
245 1 0 _aAssessment of prevalence of impaired awareness of hypoglycemia and its impact on quality of life in type 2 diabetes patients /
_cby Afrosina Fady Ibrahim Riad ; Supervision Dr. Inas Talaat El Sayed, Dr. Hala Ahmed Hussein.
246 1 5 _aتقييم مدى انتشار نقص الوعي بهبوط سكر الدم لدى مرضى السكري من النوع الثاني وتأثيره على جودة الحياة
264 0 _c2025.
300 _a115 pages :
_billustrations ;
_c25 cm. +
_eCD.
336 _atext
_2rda content
337 _aUnmediated
_2rdamedia
338 _avolume
_2rdacarrier
502 _a Thesis (Ph.D)-Cairo University, 2025.
504 _aBibliography: pages 75-87.
520 3 _aBackground: Impaired Awareness of Hypoglycemia (IAH) is a serious complication in Type 2 Diabetes Mellitus (T2DM), where patients lose the ability to perceive early warning signs of low blood glucose. This significantly increases the risk of severe hypoglycemia, a condition linked to seizures, cardiovascular events, and mortality. The burden of IAH on the quality of life (QoL) of patients in high-prevalence regions like Egypt remains inadequately explored. Methods: This cross-sectional study was conducted among 229 adults with T2DM attending a family medicine outpatient clinic in Cairo, Egypt. IAH was assessed using two validated tools: the Clarke questionnaire and the Gold score. Quality of life was measured using the WHOQOL-BREF questionnaire. Multivariable logistic regression was used to identify independent risk factors for IAH. Results: The prevalence of IAH was 26.6% using Clarke questionnaire and 31.4% using Gold score. Patients with IAH had a significantly higher prevalence of hypoglycemic episodes (37.7% vs. 11.4% in the overall cohort). IAH was strongly associated with a markedly reduced quality of life across all domains (physical, psychological, social, and environmental). Notably, peripheral neuropathy emerged as a significant independent protective factor against IAH (OR=0.225, p=0.003). Other significant risk factors included longer disease duration and insulin therapy. Conclusion: IAH is a highly prevalent and debilitating condition among Egyptian T2DM patients, profoundly diminishing their quality of life. Routine screening for IAH in primary care is imperative. The counterintuitive protective role of peripheral neuropathy warrants further investigation but may relate to altered clinical management and increased patient vigilance. These findings call for integrated, patient-centered strategies to reduce hypoglycemia risk and improve overall well-being.
520 3 _aتقدم هذه الدراسة تقييمًا شاملاً لضعف الوعي بنقص سكر الدم (IAH) في مجموعة من 229 مريضًا مصريًا مصابًا بداء السكري من النوع الثاني. أكد البحث وجود عبء مرتفع لضعف الوعي بنقص سكر الدم، حيث بلغ معدل الانتشار 26.6% باستخدام استبيان كلارك و31.4% باستخدام درجة جولد، وهو ما يتماشى مع التقديرات العالمية. كان من أبرز النتائج التأثير السلبي العميق لضعف الوعي بنقص سكر الدم على صحة وسلامة المرضى، حيث أظهر المصابون به انخفاضات ذات دلالة إحصائية ومعنى سريري عبر جميع مجالات جودة الحياة: الصحة العامة، والمجال الجسدي، والنفسي، والاجتماعي، والبيئي. وهذا يؤكد أن ضعف الوعي بنقص سكر الدم ليس مجرد شذوذ سريري، بل هو حالة تضعف بشدة الأداء اليومي وتجربة الحياة بشكل عام. حدد التحليل العوامل الرئيسية المرتبطة بضعف الوعي بنقص سكر الدم. وكشف التحليل الثنائي المتغير عن وجود ارتباطات قوية مع طول مدة مرض السكري (أكثر من 10 سنوات)، والعلاج بالأنسولين، وانخفاض المستويات التعليمية، مما يبرز أدوار تطور المرض، والعلاج المكثف، والوعي الصحي في تطور ضعف الوعي بنقص سكر الدم. علاوة على ذلك، أظهرت المجموعة المدروسة عبئًا مرتفعًا من مضاعفات السكري، حيث أظهر المرضى المصابون بضعف الوعي بنقص سكر الدم انتشارًا أعلى لمضاعفات أخرى مثل اعتلال الشبكية وأمراض الشرايين الطرفية، إلى جانب ارتباط كبير بمخاطر قلبية وعائية متوسطة. برزت نتيجة محورية وغير متوقعة من تحليل الانحدار اللوجستي متعدد المتغيرات، الذي ضبط المتغيرات المربكة. حيث تم تحديد وجود الاعتلال العصبي المحيطي كعامل وقائي مستقل وذي دلالة إحصائية ضد ضعف الوعي بنقص سكر الدم (OR=0.225, p=0.003). تتحدى هذه النتيجة غير البديهية الرأي الكلاسيكي وتشير إلى أنه في هذه الفئة من السكان، قد يكون الاعتلال العصبي المحيطي علامة على اتباع نهج علاجي أكثر تحفظًا، يؤدي إلى نقص سكر الدم بشكل أقل، و/أو قد يؤدي إلى يقظة جسمية متزايدة، مما يحافظ على الوعي في الختام، يثبت هذا البحث أن ضعف الوعي بنقص سكر الدم هو مشكلة شائعة وموهنة لدى المرضى المصريين المصابين بداء السكري من النوع الثاني، ومرتبطة ارتباطًا وثيقًا بانخفاض جودة الحياة. كما يحدد الفئات المعرضة للخطر الرئيسية مع تقديم ارتباط وقائي جديد بالاعتلال العصبي المحيطي يستحق مزيدًا من التحقيق. وتؤكد النتائج على أن ضعف الوعي بنقص سكر الدم هو قضية متعددة الأوجه تتطلب تحولًا نُموذجيًّا في رعاية مرضى السكري، بالانتقال من النهج الذي يَرْكُز حَصْرًا على الجلوكوز إلى دمج الفحص المنهجي، والتثقيف المُكَيَّف للمرضى، والدعم الشامل لمعالجة الأعباء النفسية والاجتماعية العميقة التي يفرضها وتحسين الرفاهية العامة.
530 _aIssues also as CD.
546 _aText in English and abstract in Arabic & English.
650 0 _aType 2 Diabetes Patients
650 0 _aمرضى السكري من النوع الثاني
653 1 _aType 2 Diabetes Mellitus
_aImpaired Awareness of Hypoglycemia
_a Quality of life
_aClarke questionnaire
_aGold score
700 0 _aInas Talaat El Sayed
_ethesis advisor.
700 0 _aHala Ahmed Hussein
_ethesis advisor.
900 _b01-01-2025
_c Inas Talaat El Sayed
_cHala Ahmed Hussein
_UCairo University
_FFaculty of Medicine
_DDepartment of Family Medicine
905 _aShimaa
942 _2ddc
_cTH
_e21
_n0
999 _c179997